000 00387nam a22001697a 4500
005 20160613133715.0
008 160613b xxu||||| |||| 00| 0 eng d
020 _a81-7648-828-3
041 _aeng
082 _b7199
100 _aRao, V.K.
_91603
245 _aManagement of Education
260 _bAPH Publication
_c2005
300 _a243
650 _aManagement
_9241
942 _cBK
999 _c2503
_d2502